000 00721nam a22002535i 4500
001 11093
003 ES-MaACL
005 20240519063020.0
007 t|
008 920922s1992 sp ||||0| spa j
020 _a84-87101-62-3
040 _aM-BN
_bspa
_cM-BN
080 _a860-14"19"
100 1 _aSegovia, Tomás,
_d1927-2011
_9105153
245 1 0 _aNoticia natural /
_cTomás Segovia.
250 _a[1ª ed.].
260 _aValencia :
_bPre-Textos,
_c1992.
300 _a125 p ;
_c19 cm.
490 1 _aPoesía (Editorial Pre-Textos) ;
_v156
830 0 0 _aPoesía (Editorial Pre-Textos) ;
_v156
_9236462
852 _aES-MaACL
_jL-18375
_bR.122852
942 _2udc
999 _c11093
_d11093